| 000 | 00572nam a2200205Ia 4500 | ||
|---|---|---|---|
| 001 | 21715 | ||
| 003 | AR-BaAGN | ||
| 005 | 20231116141722.0 | ||
| 007 | ta | ||
| 008 | 211213s1898 ag |||||||||||||| ||spa d | ||
| 040 |
_dAR-BaAGN _aAR-BaAGN _bspa _eaacr |
||
| 110 |
_aBuenos Aires. _bConcejo Deliberante |
||
| 245 | 1 | 0 | _aActas del Consejo Deliberante de la Ciudad de Buenos Aires : |
| 260 |
_aBuenos Aires : _bImprenta Europea, _c1898. |
||
| 300 | _a447 páginas | ||
| 336 |
_2rdacontent _btxt |
||
| 337 |
_2rdamedia _bn |
||
| 338 |
_2rdacarrier _bnc |
||
| 942 |
_cLIBRO _2ddc _n0 |
||
| 999 |
_c21715 _d21715 |
||